| 000 | 01719cab a2200253 4500 | ||
|---|---|---|---|
| 001 | E2243 | ||
| 008 | 090401t1995 xxu||||| |||| 00| 0 eng d | ||
| 035 | _a(Sirsi) u38355 | ||
| 041 | _aeng | ||
| 245 | _aEmslie & Simpson v City of Aberdeen District Council | ||
| 260 | _c1995 | ||
| 350 | _a0 | ||
| 490 |
_aScots Law Times _v1995 SLT 355-368 (14) |
||
| 520 | _aFirst Division. The Lord President (Hope), Lords Mayfield and McCluskey. 15 October 1993. Landlord and tenant - lease - construction - notice to quit - power of landlords to terminare "in the event of the landlords wishing to carry out demolition and redevelopment" - subjects to be compulsorily purchased for development in which landlords had interest - reduced liability to pay compensation to tenants if lease about to expire - whether option to terminate available to landlords - whether notice to quit valid and enforceable - Town and Country Planning (Scotland) Act 1972 (c52), Sched 24, paras 8 and 38. Compulsory powers - purchase - compensation - loss prior to vesting of subjects - loss of profits in business carried on by tenant due to effect of proposed development - whether loss due "by reason of the execution of the works" - Lands Clauses Consolidation (Scotland) Act 1845 (8 & 9 Vict, c19), s17. | ||
| 650 |
_aCompulsory purchase _96228 |
||
| 650 | _aDISPUTED COMPENSATION | ||
| 650 | _aEMSLIE AND SIMPSON LTD V ABERDEEN DC | ||
| 650 | _aLAND CLAUSES CONSOLIDATION (SCOTLAND) ACT 1845 | ||
| 650 | _aLOSS OF PROFITS | ||
| 650 | _aTOWN AND COUNTRY PLANNING (SCOTLAND) ACT 1972 | ||
| 690 | _aENVIRONMENTAL AND LAND CONSULTANCY-PLANNING AND DEVELOPMENT-COMPULSORY PURCHASE AND COMPENSATION | ||
| 942 | _n0 | ||
| 948 | _c04/03/1997 | ||
| 999 |
_c24647 _d24647 |
||